[Event "M.Chigorin Memorial 2013"]
[Site "St. Petersburg"]
[Date "2013.10.13"]
[Round "9.24"]
[White "Ovod, Evgenija"]
[Black "Gabrielian, Artur"]
[Result "0-1"]
[WhiteElo "2373"]
[BlackElo "2541"]
[PlyCount "108"]
[EventDate "2013.10.05"]

1. d4 Nf6 2. Bg5 e6 3. e4 h6 4. Bxf6 Qxf6 5. Nc3 Bb4 6. Nge2 d6 7. Qd3 O-O 8.
f4 e5 9. O-O-O Bxc3 10. Qxc3 exf4 11. Qf3 Nc6 12. c3 Be6 13. Kb1 d5 14. Qxf4
Qxf4 15. Nxf4 Bg4 16. Re1 dxe4 17. Nd5 Rad8 18. Nxc7 a6 19. Bc4 Ne7 20. Rhf1
Rd7 21. Nxa6 bxa6 22. Bxa6 Be6 23. Bb5 Rd6 24. b4 Nd5 25. Kb2 Nxc3 26. Kxc3
Rc8+ 27. Kd2 Rxd4+ 28. Ke3 Rxb4 29. a4 Rc3+ 30. Kf4 e3+ 31. Ke5 Kf8 32. Rb1 e2
33. Rxb4 Rc5+ 34. Kd6 Rd5+ 35. Kc6 Rxb5 36. Rbb1 exf1=Q 37. Rxf1 Ra5 38. Rf4
Bb3 39. Rb4 Bxa4+ 40. Kb6 Rg5 41. Rxa4 Rxg2 42. h4 h5 43. Kc6 Rg4 44. Ra8+ Ke7
45. Kd5 Kf6 46. Ra6+ Kf5 47. Ra7 Kg6 48. Ra6+ f6 49. Ke6 Re4+ 50. Kd6 Rxh4 51.
Ke7 Rg4 52. Kf8 h4 53. Kg8 Rb4 54. Ra8 h3 0-1

[Event "M.Chigorin Memorial 2013"]
[Site "St. Petersburg"]
[Date "2013.10.13"]
[Round "9.35"]
[White "Savitskiy, Sergey"]
[Black "Khusenkhojaev, Muhammad"]
[Result "1/2-1/2"]
[WhiteElo "2354"]
[BlackElo "2411"]
[PlyCount "119"]
[EventDate "2013.10.05"]

1. e4 e5 2. Nf3 Nc6 3. Bb5 a6 4. Ba4 Nf6 5. O-O Be7 6. Re1 b5 7. Bb3 d6 8. c3
O-O 9. d3 Nb8 10. Nbd2 Nbd7 11. Nf1 h6 12. Ng3 Re8 13. h3 Bb7 14. Nh2 Nc5 15.
Bc2 d5 16. Qf3 Bf8 17. Nf5 a5 18. Ng4 Ra6 19. exd5 Nxg4 20. hxg4 Bxd5 21. Qg3
Rg6 22. Bd2 e4 23. d4 Nd3 24. Bxd3 exd3 25. g5 hxg5 26. Qxd3 Bc4 27. Qc2 Be6
28. b3 Qd7 29. Ng3 Bd6 30. Qd3 a4 31. c4 bxc4 32. bxc4 Bxg3 33. fxg3 Rd8 34.
Be3 Bf5 35. Qc3 Be4 36. d5 c6 37. Bxg5 Rxg5 38. Rxe4 cxd5 39. cxd5 Rxd5 40.
Rae1 Rd3 41. Qe5 Qa7+ 42. Kh2 R3d5 43. Qc3 Rh5+ 44. Rh4 Rxh4+ 45. gxh4 Qf2 46.
Re4 Qxa2 47. Rg4 g6 48. Qf6 Re8 49. h5 Qe6 50. Qxe6 Rxe6 51. Rxa4 gxh5 52. Ra5
Rh6 53. Kh3 Kg7 54. Kh4 Rg6 55. Rxh5 Rxg2 56. Rg5+ Rxg5 57. Kxg5 Kg8 58. Kf6
Kf8 59. Kf5 Ke7 60. Ke5 1/2-1/2

[Event "M.Chigorin Memorial 2013"]
[Site "St. Petersburg"]
[Date "2013.10.13"]
[Round "9.67"]
[White "Gogin, Maksim"]
[Black "Solovyov, Viktor"]
[Result "0-1"]
[WhiteElo "2075"]
[BlackElo "2298"]
[PlyCount "48"]
[EventDate "2013.10.05"]

1. d4 Nf6 2. Bg5 e6 3. e4 h6 4. Bxf6 Qxf6 5. Nc3 a6 6. Qd2 b5 7. e5 Qd8 8. Bd3
Bb7 9. f4 Bb4 10. Qf2 d6 11. Nge2 c5 12. dxc5 Bxc5 13. Qg3 g6 14. O-O-O d5 15.
a3 Nc6 16. h4 Qe7 17. h5 g5 18. f5 O-O-O 19. fxe6 fxe6 20. Rhf1 Rdf8 21. Ng1
Qg7 22. Nf3 g4 23. Rfe1 Rhg8 24. Nh2 Bf2 0-1

[Event "M.Chigorin Memorial 2013"]
[Site "St. Petersburg"]
[Date "2013.10.13"]
[Round "9.104"]
[White "Shemenko, Georgy"]
[Black "Skvortsov, Sergey"]
[Result "1/2-1/2"]
[WhiteElo "1802"]
[BlackElo "1980"]
[PlyCount "80"]
[EventDate "2013.10.05"]

1. e4 c6 2. d4 d5 3. Nc3 dxe4 4. Nxe4 Bf5 5. Ng3 Bg6 6. h4 h6 7. Nf3 e6 8. h5
Bh7 9. Bd3 Bxd3 10. Qxd3 Nd7 11. Bd2 Ngf6 12. O-O-O Be7 13. Ne4 Nxe4 14. Qxe4
Nf6 15. Qe2 Qc7 16. c4 b5 17. Kb1 b4 18. Ne5 Nd7 19. Nd3 a5 20. Qg4 Bf6 21. Bf4
Qb7 22. Ne5 Nb6 23. Rhe1 O-O-O 24. d5 cxd5 25. cxd5 Rxd5 26. Rc1+ Kd8 27. Nc6+
Kd7 28. Ne5+ Kd8 29. Nxf7+ Qxf7 30. Rxe6 Qd7 31. Bc7+ Qxc7 32. Rxc7 Kxc7 33.
Rxf6 Rhd8 34. Qxg7+ R8d7 35. Rf7 Rd1+ 36. Kc2 R1d2+ 37. Kb1 Rd1+ 38. Kc2 R1d2+
39. Kb1 Rd1+ 40. Kc2 R1d2+ 1/2-1/2